| 000 | 00449 a2200145 4500 | ||
|---|---|---|---|
| 020 | _a8125907858 (hardcover) | ||
| 020 | _a9788125907855 (hardcover) | ||
| 090 |
_c5289 _d5289 |
||
| 100 | 1 | _aSushil, A. | |
| 245 | 1 | 0 |
_aFlexibility in management / _cA. Sushil. |
| 260 |
_a[S.l.] : _bSangam Books Ltd, _c2000. |
||
| 300 | _a273 p. | ||
| 856 | 4 | 0 |
_3Amazon.com _uhttp://www.amazon.com/exec/obidos/ASIN/8125907858/chopaconline-20 |
| 942 |
_aNBS _cBK _k658 SUS |
||
| 999 |
_c347703 _d347703 |
||